Statistics for Scientist by Country #1

Click here to take the quiz!

General Stats

  • This quiz has been taken 39 times
  • The average score is 12 of 18

Answer Stats

ScientistCountry% Correct
Thomas EdisonUnited States
100%
Alfred NobelSweden
95%
Wilhelm RöntgenGermany
92%
Dmitri MendeleevRussia
92%
Alexander Graham BellUnited Kingdom
89%
Antoine LavoisierFrance
87%
Marie Skłodowska CuriePoland
87%
Antonie van LeeuwenhoekNetherlands
82%
ArchimedesItaly
68%
Niels BohrDenmark
61%
Ibn al-HaythamIraq
58%
Carl Gustav JungSwitzerland
58%
Nikola TeslaCroatia
55%
Gregor MendelCzech Republic
47%
Christian DopplerAustria
42%
Mihajlo PupinSerbia
29%
EratosthenesLibya
26%
Ali QushjiUzbekistan
11%

Score Distribution

Percentile by Number Answered

Percent of People with Each Score

Your Score History

You have not taken this quiz